Manual de elementos de Derecho del Trabajo y de la Seguridad Social /
Guardado en:
| Otros Autores: | , , , |
|---|---|
| Formato: | Libro |
| Idioma: | Spanish |
| Publicado: |
Santa Fe :
Rubinzal-Culzoni,
2017
|
| Edición: | 1º ed. rev. |
| Materias: | |
| Etiquetas: |
Agregar Etiqueta
Sin Etiquetas, Sea el primero en etiquetar este registro!
|
| LEADER | 00735nam a22002055a 4500 | ||
|---|---|---|---|
| 001 | DER.der013485 | ||
| 008 | 180615s2017####ag#||||||||||||||#||spa|| | ||
| 005 | 20251008173016.0 | ||
| 245 | 1 | 0 | |a Manual de elementos de Derecho del Trabajo y de la Seguridad Social / |c dirigido por Mario E. Ackerman, y Miguel Angel Maza, Alejandro Sudera. |
| 250 | |a 1º ed. rev. | ||
| 260 | |a Santa Fe : |b Rubinzal-Culzoni, |c 2017 | ||
| 300 | |a 888 p. | ||
| 020 | |a 9789873007712 | ||
| 700 | 1 | |a Ackerman, Mario E. |e director | |
| 700 | 1 | |a Maza, Miguel Angel |e director | |
| 700 | 1 | |a Sudera, Alejandro |e coordinador | |
| 700 | 1 | |a Tula, Diego J. |e coordinador | |
| 653 | |a DERECHO DEL TRABAJO | ||
| 653 | |a SEGURIDAD SOCIAL | ||
| 859 | |a DERECHO |b BIB. DERECHO |h 344 |i MAN |p 008457 |t 1 | ||
